The governance of climate change. (Record no. 7363)

MARC details
000 -LEADER
fixed length control field 01259cam a22003734a 4500
001 - CONTROL NUMBER
control field 16979045
003 - CONTROL NUMBER IDENTIFIER
control field OSt
005 - DATE AND TIME OF LATEST TRANSACTION
control field 20211022114707.0
008 - FIXED-LENGTH DATA ELEMENTS--GENERAL INFORMATION
fixed length control field 110927s2011 enka b 001 0 eng d
010 ## - LIBRARY OF CONGRESS CONTROL NUMBER
LC control number 2011410282
015 ## - NATIONAL BIBLIOGRAPHY NUMBER
National bibliography number GBB0B0590
Source bnb
016 7# - NATIONAL BIBLIOGRAPHIC AGENCY CONTROL NUMBER
Record control number 015649342
Source Uk
020 ## - INTERNATIONAL STANDARD BOOK NUMBER
International Standard Book Number 9780745652016 (hbk.)
020 ## - INTERNATIONAL STANDARD BOOK NUMBER
International Standard Book Number 0745652018 (hbk.)
020 ## - INTERNATIONAL STANDARD BOOK NUMBER
International Standard Book Number 0745652026 (pbk.)
020 ## - INTERNATIONAL STANDARD BOOK NUMBER
International Standard Book Number 9780745652023 (pbk.)
035 ## - SYSTEM CONTROL NUMBER
System control number (OCoLC)ocn664324668
040 ## - CATALOGING SOURCE
Original cataloging agency UKM
Transcribing agency DDC
Modifying agency YDXCP
-- UPP
-- CDX
-- PIT
-- NDD
-- DLC
042 ## - AUTHENTICATION CODE
Authentication code lccopycat
050 00 - LIBRARY OF CONGRESS CALL NUMBER
Classification number QC903
Item number .G68 2011
082 04 - DEWEY DECIMAL CLASSIFICATION NUMBER
Classification number 632.1GOV 2011
100 ## - MAIN ENTRY--PERSONAL NAME
Personal name Held,David; Hervey,Angus; Theros,Marika;
9 (RLIN) 15092
245 04 - TITLE STATEMENT
Title The governance of climate change.
Remainder of title Science, Economics, Politics and Ethics.
Statement of responsibility, etc. Edited by Held,David; Hervey,Angus and Theros,Marika;
260 ## - PUBLICATION, DISTRIBUTION, ETC. (IMPRINT)
Place of publication, distribution, etc. USA.
Name of publisher, distributor, etc. Polity.
Date of publication, distribution, etc. 2011.
300 ## - PHYSICAL DESCRIPTION
Extent ix,228p;
Other physical details ill;
Dimensions 25cm.
504 ## - BIBLIOGRAPHY, ETC. NOTE
Bibliography, etc Includes; bibliographical references and index.
650 #0 - SUBJECT ADDED ENTRY--TOPICAL TERM
Topical term or geographic name as entry element Climate Change.
9 (RLIN) 5837
700 1# - ADDED ENTRY--PERSONAL NAME
Personal name Held, David.
9 (RLIN) 15093
700 1# - ADDED ENTRY--PERSONAL NAME
Personal name Fane-Hervey, Angus.
9 (RLIN) 15094
700 1# - ADDED ENTRY--PERSONAL NAME
Personal name Theros, Marika.
9 (RLIN) 15095
906 ## - LOCAL DATA ELEMENT F, LDF (RLIN)
a 7
b cbc
c copycat
d 2
e ncip
f 20
g y-gencatlg
942 ## - ADDED ENTRY ELEMENTS (KOHA)
Source of classification or shelving scheme Dewey Decimal Classification
Koha item type Open Shelf
Holdings
Withdrawn status Lost status Source of classification or shelving scheme Damaged status Not for loan Home library Current library Date acquired Source of acquisition Inventory number Total Checkouts Full call number Barcode Date last seen Price effective from Koha item type
    Dewey Decimal Classification     MUST Main Library MUST Main Library 22/10/2021 Purchase 12/35819   632.1GOV 2011 2021-1487 22/10/2021 22/10/2021 Open Shelf